000 00322nam a22001457a 4500
008 231101b ||||| |||| 00| 0 eng d
020 _a354054674X
041 _aeng
080 _a030
082 _a030DEV
100 _a40
101 _aENCIK
245 _aEVOLUTION AN EVOLVING THEORY
_cDEVILLERS.CH
942 _2udc
_cBK
999 _c60480
_d60480